00860nam a2200193 a 450000100100000000500170001000800410002704000250006810000340009324500610012726000540018830000350024250400270027704900090030495201200031395201050043395201110053899900170064900002958220240229073955.0110419s20uu dr 000 0 spa d aDO-SdBNPbspacBNPHU1 aVega, Bernardo,d1938 -9322210aCamille Pissarro en Santo Domingo 1850 /cBernardo Vega. a[Santo Domingo] :bGrupo León Jimenes,c[200?]. a47 p. :bil., retrs. ;c23 cm. aBibliografía : p. 46 aBNPD 001054708DSaGRbGRcCTd2011-04-27iLF1l0o p29582-30r2020-06-25te. 3w2020-06-25yLFDSZPréstamo en sala 0010718PDaPDbPDcCTd2011-04-19iLF1l0o p29582-10r2020-06-25w2020-06-25yLFPDZNo se presta 0010718PDaPDbPDcCTd2011-04-19iLF1l0o p29582-20r2020-06-25te. 2w2020-06-25yLFPDZNo se presta c29074d29074